El desarrollo económico de Costa Rica: sector industrial de la economía costarricense con un modelo global del sistema económico /
Guardado en:
| Autor Corporativo: | |
|---|---|
| Formato: | Texto |
| Etiquetas: |
Agregar Etiqueta
Sin Etiquetas, Sea el primero en etiquetar este registro!
|
MARC
| LEADER | 00000 a a2200000 04500 | ||
|---|---|---|---|
| 001 | 42852 | ||
| 003 | |||
| 040 | |||
| 110 | |a Proyecto de Investigación del Desarrollo Económico de Costa Rica | ||
| 245 | |a El desarrollo económico de Costa Rica: |b sector industrial de la economía costarricense con un modelo global del sistema económico / |c Proyecto de Investigación del Desarrollo Económico de Costa Rica | ||
| 500 | |a Fecha de publicación 1959 | ||
| 773 | |g volumen1, número 2, 135 páginas : tablas | ||
| 999 | |c 38486 |d 38486 | ||
